| 000 | 00608nam a2200193Ia 4500 | ||
|---|---|---|---|
| 008 | 130821s1973 sp gr spa | ||
| 020 | _a8432202525 | ||
| 040 |
_aCo-BoUCM _bspa |
||
| 041 | _aspa | ||
| 100 | 1 |
_aVargas Llosa, Mario _93113 |
|
| 245 | 1 | 0 |
_aPantaleón y las visitadoras _cMario Vargas LLosa |
| 260 |
_aBarcelona (España) _bSeix-Barral _c1973 |
||
| 300 | _a309 páginas | ||
| 490 |
_aBiblioteca Breve. Novela _v352 |
||
| 650 | 0 | 4 |
_aLiteratura peruana _918723 |
| 650 | 0 | 4 |
_aNovela peruana _920554 |
| 942 |
_cLIBRO _a18 _e1 _kPE _mV297p _2DEWEY _h863.42 |
||
| 999 |
_c12187 _d12187 |
||